Central Library || Chittagong University

Tantra asana : (Record no. 111760)

MARC details
000 -LEADER
fixed length control field 00466nam a22001697a 4500
003 - CONTROL NUMBER IDENTIFIER
control field BD-ChCU
005 - DATE AND TIME OF LATEST TRANSACTION
control field 20260226102025.0
008 - FIXED-LENGTH DATA ELEMENTS--GENERAL INFORMATION
fixed length control field 260226b bg ||||| |||| 00| 0 ben d
040 ## - CATALOGING SOURCE
Transcribing agency BD-ChCU
082 ## - DEWEY DECIMAL CLASSIFICATION NUMBER
Classification number REF 294.5514 TAN
100 ## - MAIN ENTRY--PERSONAL NAME
Personal name Ajit Mookerjee.
9 (RLIN) 20622
245 ## - TITLE STATEMENT
Title Tantra asana :
Remainder of title a way to self - realization ./
Statement of responsibility, etc. Mookerjee , Ajit .
260 ## - PUBLICATION, DISTRIBUTION, ETC.
Place of publication, distribution, etc. Basel :
Name of publisher, distributor, etc. Ravi Kumar ,
Date of publication, distribution, etc. C 1971
300 ## - PHYSICAL DESCRIPTION
Extent 161p.
650 #0 - SUBJECT ADDED ENTRY--TOPICAL TERM
Topical term or geographic name entry element Hinduism.
9 (RLIN) 20624
942 ## - ADDED ENTRY ELEMENTS (KOHA)
Source of classification or shelving scheme Dewey Decimal Classification
Koha item type Books
Suppress in OPAC No
Holdings
Withdrawn status Lost status Source of classification or shelving scheme Damaged status Not for loan Home library Current library Shelving location Date acquired Source of acquisition Total Checkouts Full call number Barcode Date last seen Copy number Price effective from Koha item type
    Dewey Decimal Classification     Chittagong University Library Chittagong University Library Reference 02/26/2026 Purchase   REF 294.5514 TAN 112827 02/26/2026 C-1 02/26/2026 Books
© Copyright 2026. Chittagong University Library, Installation and Maintenance by Prof. Dr. Md. Alamgir, 01711306253